ბათუმის შოთა რუსთაველის სახელმწიფო უნივერსიტეტის ბიბლიოთეკა

ქართული ემიგრანტული მწერლობა (ბიბ.ჩანაწერი № 43233)

000 -LEADER
fixed length control field 01088nam a2200253Ia 4500
001 - CONTROL NUMBER
control field 9960
003 - CONTROL NUMBER IDENTIFIER
control field GE_BSU
008 - FIXED-LENGTH DATA ELEMENTS--GENERAL INFORMATION
fixed length control field 181216s||||||||xx |||||||||||||| ||und||
020 ## - INTERNATIONAL STANDARD BOOK NUMBER
International Standard Book Number 9992879955
040 ## - CATALOGING SOURCE
Transcribing agency GE_BSU
080 ## - UNIVERSAL DECIMAL CLASSIFICATION NUMBER
Universal Decimal Classification number 821.353.1.09
100 ## - MAIN ENTRY--PERSONAL NAME
Personal name ნიკოლეიშვილი,ავთანდილ
245 ## - TITLE STATEMENT
Title ქართული ემიგრანტული მწერლობა
245 ## - TITLE STATEMENT
Remainder of title ლექციების კურსი
245 ## - TITLE STATEMENT
Statement of responsibility, etc. რედ. ომარ გვეტაძე.ნესტან კუტივაძე
260 ## - PUBLICATION, DISTRIBUTION, ETC.
Place of publication, distribution, etc. ქუთაისი
260 ## - PUBLICATION, DISTRIBUTION, ETC.
Name of publisher, distributor, etc. ქსუ
260 ## - PUBLICATION, DISTRIBUTION, ETC.
Date of publication, distribution, etc. 2006
300 ## - PHYSICAL DESCRIPTION
Extent 600გვ.20სმ.
520 ## - SUMMARY, ETC.
Summary, etc. გარეკანზე: საფრანგეთი,ლევილის ქართვ.მამული. წიგნს ახლავს ავტ. მინაწ.რეზიუმე ინგლ.და რუს ენაზე
653 ## - INDEX TERM--UNCONTROLLED
Uncontrolled term ქართული ემიგრანტული მწერლობა
942 ## - ADDED ENTRY ELEMENTS (KOHA)
Koha item type წიგნი
ეგზემპლარები
Withdrawn status Lost status Damaged status Not for loan Date acquired Barcode Date last seen Price effective from Koha item type
        2018-12-17 33261 2018-12-17 2018-12-17 წიგნი